000 00485cam a2200157 4500500
005 20260405005158.0
041 _afre
042 _adc
100 1 0 _aAuthier, Jean-Yves
_eauthor
700 1 0 _aBidou, Catherine
_eauthor
245 0 0 _aEditorial
260 _c2005.
500 _a1
786 0 _nEspaces et sociétés | o 120-121 | 2 | 2005-06-01 | p. 7-14 | 0014-0481
856 4 1 _uhttps://shs.cairn.info/journal-espaces-et-societes-2005-2-page-7?lang=en&redirect-ssocas=7080
999 _c2081633
_d2081633